| Поле | Название | Значение |
| |
Тип записи |
a |
| |
Библиографический уровень |
a |
| 001 |
Контрольный номер |
RU/CBS_UL/BASE/473ca7fa23324708b3e3180d936ceb14 |
| 005 |
Дата корректировки |
20260411142442.6 |
| 100 |
Данные общей обработки |
__ |
| a |
Данные общей обработки |
20260411 ||| 0rusy0189 ca |
| 101 |
Язык документа |
0_ |
| a |
Язык текста |
rus |
| 102 |
Страна публикации |
__ |
| a |
Страна публикации |
RU |
| 200 |
Заглавие и сведения об ответственности |
1_ |
| a |
Заглавие |
Сверяя путь по космосу |
| e |
Сведения, относящиеся к заглавию |
[беседа с племянницей Ю. Гагарина А.Т. Филатовой, которая рассказала о родителях космонавта] |
| f |
Первые сведения об ответственности |
М. Позднякова |
| g |
Последующие сведения об ответственности |
фот. И. Снегирёв |
| 300 |
Общие примечания |
__ |
| a |
Общие примечания |
16+ |
| 461 |
Уровень набора |
_0 |
| 1 |
|
2000 |
| a |
|
Аргументы и факты |
| 463 |
Уровень физической единицы |
_0 |
| 1 |
|
2000 |
| a |
|
№ 14 (8-14 апр.) |
| v |
|
С. 15 : фот. |
| 1 |
|
2101 |
| d |
|
2026 |
| 1 |
|
001RU/CBS_UL/BASE/8be78fd247ef4bf9b3bd9b65ced98c28 |
| 600 |
Персоналии |
_1 |
| a |
Персоналии (Фамилия) |
Гагарин |
| b |
Персоналии (Имя, инициалы) |
Ю.А. |
| 600 |
Персоналии |
_1 |
| a |
Персоналии (Фамилия) |
Филатова |
| b |
Персоналии (Имя, инициалы) |
А.Т. |
| 606 |
Тематические рубрики |
0_ |
| a |
Основная рубрика |
Гагарин, Юрий Алексеевич (1934-1968) |
| 610 |
Ключевые слова |
0_ |
| a |
Ключевые слова |
космонавты, советские космонавты, история космонавтики, родители космонавтов, отношение к родителям |
| 686 |
Индексы других классификаций |
__ |
| 2 |
Код системы |
rubbk |
| a |
Классификационный индекс |
39.6г |
| 700 |
Автор |
_1 |
| a |
Фамилия |
Позднякова |
| b |
Имя (инициалы) |
М. |
| 801 |
Источник записи |
_0 |
| a |
Страна |
RU |
| b |
Организация |
МБУК ЦБС г. Ульяновска |
| c |
Дата составления |
20260411 |
| g |
Правила каталогизации |
RCR |
| 801 |
Источник записи |
_1 |
| a |
Страна |
RU |
| b |
Организация |
МБУК ЦБС г. Ульяновска |
| c |
Дата составления |
20260411 |
| g |
Правила каталогизации |
RCR |
| 901 |
Тип документа |
__ |
| t |
Тип документа |
f |
| w |
Контрольный № источника |
RU/CBS_UL/BASE/8be78fd247ef4bf9b3bd9b65ced98c28 |
| 909 |
Создатель записи |
__ |
| a |
Создатель записи |
lib1 |